| 000 | 01171nam a2200325 i 4500 | ||
|---|---|---|---|
| 001 | 18740 | ||
| 003 | ES-MaACL | ||
| 005 | 20240516063022.0 | ||
| 007 | t| | ||
| 008 | 020311s2001 sp ||||1| spa d | ||
| 017 |
_aAB 217-2001 _bOficina Depósito Legal Albacete |
||
| 020 | _a8495394197 | ||
| 040 | _cES-MaACL | ||
| 080 | _a929.52(460.288 A.) | ||
| 080 | _a94(460.288 A.)"14" | ||
| 100 | 1 |
_aPretel Marín, Aurelio, _993800 _d1950- _eaut |
|
| 245 | 1 | 3 |
_aLa consolidación de una oligarquía : _b(linajes de Albacete a finales de la Baja Edad Media) / _cAurelio Pretel Marín. |
| 260 |
_aAlbacete : _bInstituto de Estudios Albacetenses "Don Juan Manuel", _c2001. |
||
| 300 |
_a193 páginas ; _c30 cm. |
||
| 490 | 1 |
_aSerie I--Estudios ; _v126 |
|
| 504 | _aBibliografía: páginas [187]-193 | ||
| 651 | 0 |
_aAlbacete- _xGenealogía _9236393 |
|
| 651 | 7 |
_aAlbacete- _xHistoria- _yS.XV _9151906 |
|
| 710 | 2 |
_aInstituto de Estudios Albacetenses _94884 _eedt |
|
| 830 | 0 |
_aSerie I--Estudios ; _v126 _9179228 |
|
| 852 |
_aES-MaACL _bR.130392 _cDEPO2 _jL-25317 |
||
| 942 |
_cMONOGRAFIA _n0 |
||
| 999 |
_c18740 _d18740 |
||